Religion Quiz

Random Religion or Bible Quiz
Score 0/12 Timer 03:00
0 Plays Today
the Siblings the Brother % Correct
EsauJacob
81.3%
Aaron and Miriam Moses
79%
Seth Cain or Abel
70.4%
BenjaminJoseph
69.5%
Shem and Japheth Ham
66.8%
AndrewPeter
63.1%
James (of Zebedee)John (the apostle)
62.7%
James, Joseph, Simon, Judas & sistersJesus
57.4%
Reuben, Simeon, Levi, Issachar, ZebulunJudah
37.7%
Nahor and Haran Abraham (Abram)
35%
Eliab, Abinidab, Ozem, 3 more & sistersDavid
29.3%
Shammua, Shobad, Nathan Solomon
20%
Remove Ads.
Support Sporcle.
Get the best of Sporcle when you Go Orange. This ad-free experience offers more features, more stats, and more fun while also helping to support Sporcle. Thank you for becoming a member.

You're not logged in!

Compare scores with friends on all Sporcle quizzes.
OR
Log In

Show Comments

Extras

Top Quizzes Today


Score Distribution

Your Account Isn't Verified!

In order to create a playlist on Sporcle, you need to verify the email address you used during registration. Go to your Sporcle Settings to finish the process.

Report this User

Report this user for behavior that violates our Community Guidelines.

Details: